000 00657nam a2200217 a 4500
999 _c3250
_d3250
001 3250
003 BD-JhCC
005 20171112090351.0
008 171112s13731392ii |||| ||a| 000 0 ben d
035 _a(BD-JhCC)3250
040 _aBD-JhCC
_dBD-JhCC
041 _aben
082 _a891.443
_bDEB 1392
100 _aদেবী, আশাপূর্ণা
245 _aসুবর্ণলতা /
_cআশাপূর্ণা দেবী,
260 _aকলিকাতা :
_bমিত্র ও ঘোষ পাবলিশার্স,
_c1392
300 _a428 p. :
_c20 cm.
650 _aBengali Novel
942 _2ddc
_cBK